Sports Quiz

Random Sports or NBA Quiz

NBA 10+ Rebound Games By Team Quiz Stats

 Plays Quiz Updated Apr 25, 2019

Score 0/150 Timer 12:00
1 Play Today
% Correct
Kevin Garnett
95.1%
Kevin Garnett
95.1%
Shaquille O'Neal
94.1%
Shaquille O'Neal
94.1%
LeBron James
94%
Jermaine O'Neal
93.7%
Tyson Chandler
91%
Dwight Howard
88.8%
Tim Duncan
88.5%
Josh Howard
88.3%
Ben Wallace
87.9%
Rasheed Wallace
87.8%
Gerald Wallace
87.8%
Jusuf Nurkic
87.6%
Dwight Howard
87.1%
Dirk Nowitzki
87.1%
Pau Gasol
87%
Pau Gasol
87%
Marc Gasol
86.9%
Yao Ming
83.6%
Pau Gasol
83.4%
Paul Pierce
83.1%
DeAndre Jordan
83.1%
Kevin Durant
80.8%
Josh Smith
80.3%
Joe Smith
80%
Chris Bosh
78.5%
Russell Westbrook
78.2%
Amar'e Stoudemire
77.7%
Carlos Boozer
74.5%
Ervin Johnson
74.5%
DeMarcus Cousins
74.1%
Chris Bosh
73.3%
Carmelo Anthony
72.2%
Kevin Love
71.4%
David West
71.4%
Elton Brand
70.4%
Kobe Bryant
70.2%
David Robinson
69.9%
Al Horford
69.5%
Tyson Chandler
69%
Tyson Chandler
69%
Zach Randolph
68.9%
Zach Randolph
68.9%
Draymond Green
68.5%
Antonio Davis
68.4%
Dale Davis
68.4%
Chris Webber
67.9%
Joakim Noah
67.7%
Kevin Love
66.1%
% Correct
Kendrick Perkins
65.8%
Andrew Bogut
65.3%
Tyson Chandler
64.2%
Tyson Chandler
64.2%
Zydrunas Ilgauskas
64.1%
Jason Kidd
64.1%
Al Jefferson
62.3%
Emeka Okafor
62.3%
Andre Drummond
61.6%
Shawn Marion
61.2%
Amir Johnson
60.9%
Tristan Thompson
59.8%
Paul Millsap
59.7%
Lamar Odom
59.5%
Antawn Jamison
59.5%
Antawn Jamison
59.5%
Tracy McGrady
59.4%
P.J. Brown
59.1%
Blake Griffin
59.1%
David Lee
58.9%
Kenyon Martin
57.7%
Kenyon Martin
57.7%
Dikembe Mutombo
57.4%
Joel Embiid
57.4%
Andrew Bynum
57.1%
Nene Hilario
57%
Marcin Gortat
56.4%
Marcin Gortat
56.4%
Marcus Camby
56.1%
Marcus Camby
56.1%
Al Jefferson
56.1%
Serge Ibaka
54.9%
Brad Miller
54.7%
Udonis Haslem
54.2%
Antoine Walker
53.5%
Carlos Boozer
53.5%
Brook Lopez
52.8%
Shawn Marion
52%
LaMarcus Aldridge
51.1%
Rudy Gobert
49.9%
Paul George
48.8%
David Lee
46.8%
Anthony Davis
45.6%
Roy Hibbert
44.8%
Derrick Favors
44.7%
Steven Adams
44.1%
Chris Kaman
43.8%
Vlade Divac
43.5%
Giannis Antetokounmpo
42.5%
Karl-Anthony Towns
41.7%
% Correct
Kawhi Leonard
41.4%
Samuel Dalembert
39.9%
LaMarcus Aldridge
39.8%
Kurt Thomas
39.2%
Kenny Thomas
39.1%
Mehmet Okur
38.7%
Hassan Whiteside
38.1%
Erick Dampier
36.3%
Tyrone Hill
35.6%
Greg Monroe
35.5%
Brendan Haywood
34.6%
Luis Scola
34.3%
Nikola Vucevic
33.5%
Paul Millsap
33.1%
Anderson Varejao
32.7%
Nikola Jokic
31.8%
Andris Biedrins
31.7%
Nick Collison
31.4%
Antonio McDyess
30.2%
Taj Gibson
29.5%
Jonas Valanciunas
29%
Kenneth Faried
28.4%
Brian Grant
27.5%
P.J. Brown
26.7%
Troy Murphy
25.8%
Troy Murphy
25.7%
Shareef Abdur-Rahim
25.4%
Jeff Foster
23.7%
Jason Thompson
23.1%
JaVale McGee
22.4%
Zaza Pachulia
20%
Clint Capela
18.3%
Jamaal Magloire
16.5%
Andray Blatche
15.3%
Gorgui Dieng
15.1%
Tobias Harris
14.9%
James Harden
13.8%
Keith Van Horn
13%
Alex Len
12.7%
DeJuan Blair
12.7%
Lorenzen Wright
9.9%
Michael Olowokandi
9%
Joel Przybilla
8.6%
Kris Humphries
8.2%
Spencer Hawes
6.8%
Jared Sullinger
6.8%
Donyell Marshall
6.6%
Ersan Ilyasova
6.4%
Aaron Gordon
6.1%
Elden Campbell
4.3%

You're not logged in!

Compare scores with friends on all Sporcle quizzes.
OR
Log In

You Might Also Like...

Show Comments

Extras

Top Quizzes Today


Score Distribution

Your Account Isn't Verified!

In order to create a playlist on Sporcle, you need to verify the email address you used during registration. Go to your Sporcle Settings to finish the process.

Report this User

Report this user for behavior that violates our Community Guidelines.

Details: